1509 1268 1313 1116 1808 1607 1584 1056 1950 1504 1425 1744 1186 1384 1852 1746 1684 1872 1436 1874 1703 1331 1129 1801 1986 1189 1281 1868 1437 1101 1011 1649 1862 1693 1507 1543 1048 1497 1262 1256 1603 1660 1380 1351 1779 1104 1300 1485 1273 1461 1746 1991 1879 1971 1786 1389 1674 1273 1575 1870 1077 1143 1728 1541 1808 1781 1006 1346 1259 1026 1545 1434 1463 1272 1332 1392 1117 1788 1165 1845 1330 1525 1396 1221 1189 1700 1663 1953 1842 1164 1368 1584 1092 1330 1700 1230 1801 1367 1627 BCNSPRNW ULIB Ver.6.0+V

เปลี่ยนเป็นภาษาไทย

Change to English
 แสดงรายละเอียดบรรณานุกรม
  กลับหน้าหลัก

Brief Record : Get Marc (ISO 2709) : E-mail record : QR code < ปิดหน้าต่าง
LEADER : 00000nam 2200000uu 4500
001    13399115253
003     ULIB
008    120808s2549||||th 000 0 tha d
020    ^a9789746434348 (เล่ม 2)
060 04 ^aWA590^bม226ส ล.2 2549
245 00 ^aเอกสารการสอนชุดวิชา สุขศึกษาและการประชาสัมพันธ์งานสาธารณสุข หน่วยที่ 9-15=^bHealth education and public relations for public health work /^cอดิศักด์ สัตย์ธรรม ... [และคนอื่นฯ]
246 31 ^aHealth education and public relations for public health work
250    ^aปรับปรุงครั้งที่ 1 พิมพ์ครั้งที่ 6
260    ^aนนทบุรี :^bสำนักพิมพ์มหาวิทยาลัยสุโขทัยธรรมาธิราช,^c2549
300    ^a2 เล่ม :^bภาพประกอบ ;^c30 ซม.
650  4 ^aการประชาสัมพันธ์
650  4 ^aการประชาสัมพันธ์^xสาธารณสุข
650  4 ^aสาธารณสุข
945    ^p0^l0^i14728
995    ^aกัณชพร
999 ^a ใช้งานได้ทุกระบบ
รายการนี้ยังไม่มีแท็ก
คุณยังไม่ได้ล็อกอิน คุณสามารถมีกิจกรรมร่วมกับเว็บไซต์ได้ แต่ต้องล็อกอินก่อน ::
  ล็อกอิน

รายการสื่อสารสนเทศ

ลำดับที่ ประเภท เลขเรียก/บาร์โค้ด สถานที่ สถานะ
- ไม่พบข้อมูล -

รายการใกล้เคียง
    หัวเรื่อง [การประชาสัมพันธ์]
    หัวเรื่อง [สาธารณสุข]

BibComment


ยังไม่เคยถูกคอมเมนท์

คอมเมนท์ทรัพยากรรายการนี้
  คอมเมนท์: เอกสารการสอนชุดว..


 Copyright 2026. Bcnsprnw @Library